000 00546nam a22001697a 4500
005 20260301160255.0
010 _aBACEN26
020 _a9789390974627
_c350.00
037 _bPancy Publisher
082 _a000
100 _aArya, Sanjeev
_987974
245 _aDSSSB TGT-PGT-PRT Previous Papers:
_bCommon Paper Part-1st/
260 _aDelhi
_bSports Publication Publisher & Distributor
_c2024
270 _a7/26, Ground Floor, Ansari Road, Darya Ganj
_bDelhi
_e110002
300 _a373p.
_c27cm(pb)
942 _2ddc
_cEN
_h000
_mARY
999 _c215003
_d215003